000
00268nam a2200109 4500
001
1980
090
_a
1980
100
_a
20190723b u||y0fre||u0ba y50
200
_a
Dossiers contacts
_b
Périodique
210
_a
Lausanne
801
_a
CH
_b
CH-002049-8
955
_r
1976: 1; 1979: 3; 1981: 148 et dernier